<?xml version="1.0" encoding="UTF-8"?>
<record
    xmlns:xsi="http://www.w3.org/2001/XMLSchema-instance"
    xsi:schemaLocation="http://www.loc.gov/MARC21/slim http://www.loc.gov/standards/marcxml/schema/MARC21slim.xsd"
    xmlns="http://www.loc.gov/MARC21/slim">

  <leader>01090nam a22002537a 4500</leader>
  <controlfield tag="005">20180803165614.0</controlfield>
  <controlfield tag="008">151114b2014    ck |||||r||||a00| 0 spa d</controlfield>
  <datafield tag="020" ind1=" " ind2=" ">
    <subfield code="a">9789871560554</subfield>
  </datafield>
  <datafield tag="041" ind1=" " ind2=" ">
    <subfield code="a">spa</subfield>
  </datafield>
  <datafield tag="044" ind1=" " ind2=" ">
    <subfield code="a">ag</subfield>
  </datafield>
  <datafield tag="082" ind1="0" ind2="4">
    <subfield code="a">577.1</subfield>
    <subfield code="b">Z11m</subfield>
  </datafield>
  <datafield tag="100" ind1="1" ind2=" ">
    <subfield code="a">Zacagnini, Mar&#xED;a E.</subfield>
    <subfield code="9">28681</subfield>
  </datafield>
  <datafield tag="245" ind1="1" ind2="0">
    <subfield code="a">Manual de buenas pr&#xE1;cticas para la conservaci&#xF3;n del suelo, la biodiversidad y sus servicios ecosist&#xE9;micos :</subfield>
    <subfield code="b">&#xE1;rea piloto Aldea Santa Mar&#xED;a, Entre R&#xED;os /</subfield>
    <subfield code="c">Mar&#xED;a Zaccagnini, Wilson Marcelo y Jos&#xE9; Oszuts, editores.</subfield>
  </datafield>
  <datafield tag="260" ind1=" " ind2=" ">
    <subfield code="a">Buenos Aires :</subfield>
    <subfield code="b">Programa Naciones Unidas para el Desarrollo - PNUD,</subfield>
    <subfield code="b">Secretar&#xED;a de Ambiente y Desarrollo sustentable de la Naci&#xF3;n,</subfield>
    <subfield code="c">2014.</subfield>
  </datafield>
  <datafield tag="300" ind1=" " ind2=" ">
    <subfield code="a">95 p.</subfield>
    <subfield code="b">il.  (col), tablas</subfield>
    <subfield code="c">24 cm.</subfield>
  </datafield>
  <datafield tag="504" ind1=" " ind2=" ">
    <subfield code="a">Incluye referencias bibliogr&#xE1;ficas (pag. 89-94)</subfield>
  </datafield>
  <datafield tag="650" ind1=" " ind2="6">
    <subfield code="a">Biodiversidad</subfield>
    <subfield code="9">92204</subfield>
  </datafield>
  <datafield tag="650" ind1=" " ind2="6">
    <subfield code="a">Servicios Ecosist&#xE9;micos</subfield>
    <subfield code="9">28683</subfield>
  </datafield>
  <datafield tag="650" ind1=" " ind2="6">
    <subfield code="a">Conservaci&#xF3;n del suelo</subfield>
    <subfield code="9">8351</subfield>
  </datafield>
  <datafield tag="651" ind1=" " ind2=" ">
    <subfield code="a">Argentina</subfield>
    <subfield code="z">Buenos Aires,</subfield>
    <subfield code="z">Aldea Santa Ana</subfield>
    <subfield code="9">28684</subfield>
  </datafield>
  <datafield tag="700" ind1="1" ind2=" ">
    <subfield code="a">Wilson, Marcelo</subfield>
    <subfield code="e">ed.</subfield>
    <subfield code="9">28685</subfield>
  </datafield>
  <datafield tag="700" ind1="1" ind2=" ">
    <subfield code="a">Oszuts, Jos&#xE9;</subfield>
    <subfield code="9">28686</subfield>
  </datafield>
  <datafield tag="942" ind1=" " ind2=" ">
    <subfield code="2">ddc</subfield>
    <subfield code="c">LIBRO</subfield>
    <subfield code="0">1</subfield>
  </datafield>
  <datafield tag="999" ind1=" " ind2=" ">
    <subfield code="c">8799</subfield>
    <subfield code="d">8799</subfield>
  </datafield>
  <datafield tag="952" ind1=" " ind2=" ">
    <subfield code="0">0</subfield>
    <subfield code="1">0</subfield>
    <subfield code="2">ddc</subfield>
    <subfield code="4">0</subfield>
    <subfield code="7">0</subfield>
    <subfield code="8">GENERAL</subfield>
    <subfield code="I">INV2017</subfield>
    <subfield code="a">Bogota</subfield>
    <subfield code="b">Bogota</subfield>
    <subfield code="d">2014-11-15</subfield>
    <subfield code="e">Instituto</subfield>
    <subfield code="g">39000.00</subfield>
    <subfield code="l">1</subfield>
    <subfield code="o">LB-577.1 Z11m</subfield>
    <subfield code="p">038428</subfield>
    <subfield code="r">2015-02-03 00:00:00</subfield>
    <subfield code="s">2015-02-03</subfield>
    <subfield code="t">Ej. 1</subfield>
    <subfield code="w">2014-11-15</subfield>
    <subfield code="x">Donaci&#xF3;n</subfield>
    <subfield code="y">LIBRO</subfield>
  </datafield>
  <datafield tag="952" ind1=" " ind2=" ">
    <subfield code="0">0</subfield>
    <subfield code="1">0</subfield>
    <subfield code="2">ddc</subfield>
    <subfield code="4">0</subfield>
    <subfield code="7">0</subfield>
    <subfield code="8">GENERAL</subfield>
    <subfield code="I">INV2017</subfield>
    <subfield code="a">Venado</subfield>
    <subfield code="b">Venado</subfield>
    <subfield code="d">2016-02-15</subfield>
    <subfield code="e">Instituto</subfield>
    <subfield code="g">39000.00</subfield>
    <subfield code="l">0</subfield>
    <subfield code="o">LB-577.1 Z11m</subfield>
    <subfield code="p">042236</subfield>
    <subfield code="r">2016-02-15 00:00:00</subfield>
    <subfield code="t">Ej. 2</subfield>
    <subfield code="w">2016-02-15</subfield>
    <subfield code="y">LIBRO</subfield>
  </datafield>
</record>
